000 00582nam a2200205 i 4500
001 133536
003 ES-MaACL
005 20230906194436.0
007 t|
008 070820s1934 fr ||||1| spa d
100 1 _aWolff, L.
_9117257
245 1 0 _aDante Gabriel Rossetti /
_cL. Wolff.
260 _aParis :
_bH. Didier,
_c1934.
300 _aXV, 319 p. ;
_c19 cm.
490 1 _aLes grands écrivains étrangers
600 1 4 _aRossetti, Dante Gabriel.
_999854
830 0 _aLes grands écrivains étrangers
_9186935
852 _aES-MaACL
_jA-4052
999 _c133536
_d133536